mehtods in Biotechnology (Record no. 299934)

MARC details
000 -LEADER
fixed length control field 00308pam a2200121a 44500
008 - FIXED-LENGTH DATA ELEMENTS--GENERAL INFORMATION
fixed length control field 230405s1997 xxu||||| |||| 00| 0 eng d
041 ## - LANGUAGE CODE
Language code of text/sound track or separate title ENG
100 ## - MAIN ENTRY--PERSONAL NAME
Personal name Hans peter schmuder Ed
245 ## - TITLE STATEMENT
Title mehtods in Biotechnology
260 ## - PUBLICATION, DISTRIBUTION, ETC.
Place of publication, distribution, etc.
Name of publisher, distributor, etc. Taylor and francis group llc 270
Date of publication, distribution, etc. 1997
300 ## - PHYSICAL DESCRIPTION
Extent 257
906 ## - LOCAL DATA ELEMENT F, LDF (RLIN)
a 9435
Holdings
Withdrawn status Lost status Damaged status Not for loan Collection Home library Current library Shelving location Date acquired Source of acquisition Cost, normal purchase price Total Checkouts Barcode Date last seen Price effective from Koha item type
          Matoshri Bayabai Shripatrao Kadam Kanya Mahavidyalaya, Kadegaon, Sangli Matoshri Bayabai Shripatrao Kadam Kanya Mahavidyalaya, Kadegaon, Sangli   15/06/2011 Diamond Book Depot 661 Narayan peth Appa Balwant chowk 595.00   KVK-XITH00842 18/04/2023 18/04/2023 Book